| 000 | 00584nam a22001937a 4500 | ||
|---|---|---|---|
| 005 | 20150713164733.0 | ||
| 010 | _aENG-113295 | ||
| 020 |
_c500.00 _a978818583573x |
||
| 035 | _aEN-96827 | ||
| 037 | _bDBAD/PUB | ||
| 082 | _a958.7 | ||
| 245 |
_aUzbekistan : _cedited by P.L. Dash [and] Murat M. Bakhadirov _bthreshold of an era / |
||
| 260 |
_aChandigarh _bCRRID _c2014 |
||
| 270 |
_aSector-19-A, Madhya Marg, _bChandigarh _e160019 |
||
| 300 |
_axiv,305p. _c25cm(Hb) |
||
| 700 | _aDash, P.L. | ||
| 700 | _aBakhadirov, Murat M. | ||
| 942 |
_2ddc _cEN _mUZB _h958.7 |
||
| 999 |
_c94311 _d94311 |
||